MARC details
| 000 -LEADER |
| campo de control de longitud fija |
01489nam a2200349 i 4500 |
| 001 - NÚMERO DE CONTROL |
| campo de control |
192989 |
| 003 - IDENTIFICADOR DE NÚMERO DE CONTROL |
| campo de control |
SpMaBN |
| 005 - FECHA Y HORA DE LA ÚLTIMA TRANSACCIÓN |
| campo de control |
20231028195530.0 |
| 008 - DATOS DE LONGITUD FIJA--INFORMACIÓN GENERAL |
| campo de control de longitud fija |
230714s2012 sp | ||||o001 0 spa |
| 017 ## - NÚMERO DE COPYRIGHT O DE DEPÓSITO LEGAL |
| Número de copyright o de depósito legal |
M 458-2012 |
| Agencia que asigna |
Oficina Depósito Legal Madrid |
| 020 ## - NÚMERO INTERNACIONAL ESTÁNDAR DEL LIBRO |
| Número Internacional Estándar del Libro |
9788499402789 |
| 035 ## - NÚMERO DE CONTROL DEL SISTEMA |
| Número de control de sistema |
(OCoLC)795922599 |
| 035 ## - NÚMERO DE CONTROL DEL SISTEMA |
| Número de control de sistema |
a5205962 |
| 040 ## - FUENTE DE CATALOGACIÓN |
| Centro catalogador/agencia de origen |
SpMaBN |
| Lengua de catalogación |
spa |
| Centro/agencia transcriptor |
SpMaBN |
| Normas de descripción |
rdc |
| 080 ## - NÚMERO DE LA CLASIFICACIÓN DECIMAL UNIVERSAL |
| Número de la Clasificación Decimal Universal |
801.73:81 Coseriu, Eugenio |
| 100 0# - ENTRADA PRINCIPAL--NOMBRE DE PERSONA |
| Nombre de persona |
Polo, José |
| Número de control del registro de autoridad o número normalizado |
XX1017133 |
| 9 (RLIN) |
92861 |
| 245 10 - MENCIÓN DEL TÍTULO |
| Título |
Entorno del universo normativo de Eugenio Coseriu : |
| Resto del título |
cuaderno de bitácora / |
| Mención de responsabilidad, etc. |
José Polo |
| 260 ## - PUBLICACIÓN, DISTRIBUCIÓN, ETC. |
| Lugar de publicación, distribución, etc. |
Madrid : |
| Nombre del editor, distribuidor, etc. |
Biblioteca Nueva : |
| -- |
Ediciones de la Universidad Autónoma de Madrid, |
| Fecha de publicación, distribución, etc. |
D.L. 2012 |
| 300 ## - DESCRIPCIÓN FÍSICA |
| Extensión |
151 p. ; |
| Dimensiones |
21 cm |
| 336 ## - TIPO DE CONTENIDO |
| Término de tipo de contenido |
Texto (visual) |
| Fuente |
isbdcontent |
| 337 ## - TIPO DE MEDIO |
| Nombre/término del tipo de medio |
sin mediación |
| Fuente |
isbdmedia |
| 490 1# - MENCIÓN DE SERIE |
| Mención de serie |
Estudios críticos de literatura y lingüística |
| Designación de volumen o secuencia |
53. |
| Mención de serie |
Biblioteca "José Polo" de lingüística y filología |
| 500 ## - NOTA GENERAL |
| Nota general |
Índices |
| 600 #0 - PUNTO DE ACCESO ADICIONAL DE MATERIA--NOMBRE DE PERSONA |
| Nombre de persona |
Coseriu, Eugenio, |
| Fechas asociadas al nombre |
1921-2002. |
| Título de la obra |
El problema de la corrección idiomática- |
| Subdivisión general |
Crítica textual |
| 9 (RLIN) |
233735 |
| 830 ## - PUNTO DE ACCESO ADICIONAL DE SERIE-TÍTULO UNIFORME |
| 9 (RLIN) |
224917 |
| Título uniforme |
Estudios críticos de literatura y lingüística ; |
| -- |
Biblioteca "José Polo" de lingüística y filología |
| Designación de volumen o secuencia |
53 |
| 852 ## - LOCALIZACIÓN |
| Ubicación |
ES-MaACL |
| Número de control de estantería |
A-12957 |
| Sublocalización o colección |
R.149793 |
| Ubicación en estantería |
Depósito 1 |
| Signatura antigua |
Olim: N-5957 |
| Encuadernación |
Donación: Real Academia Española |
| 914 ## - NOMBRE ENTIDAD DE DONANTE |
| RLIN |
6336 |
| Nombre de congreso/reunión o jurisdicción como elemento de entrada |
Real Academia Española |
| Unidad subordinada |
Donante |
| 942 ## - ELEMENTOS DE ENTRADA SECUNDARIOS (KOHA) |
| Fuente del sistema de clasificación o colocación |
Clasificación decimal universal |
| Tipo de ítem Koha |
Libro impreso |
| Suprimir en OPAC |
No |
| 956 ## - LOCALIZACIÓN Y ACCESO ELECTRÓNICOS LOCAL (OCLC) |
| Nombre del host |
2 |